Don't kid yourself (Record no. 80163)
[ view plain ]
| 000 -LEADER | |
|---|---|
| fixed length control field | 01335cab a22002175a 4500 |
| 001 - CONTROL NUMBER | |
| control field | L143407 |
| 008 - FIXED-LENGTH DATA ELEMENTS--GENERAL INFORMATION | |
| fixed length control field | 080506e20080502xxkd f 000 0 eng d |
| 035 ## - SYSTEM CONTROL NUMBER | |
| System control number | (Sirsi) u143407 |
| 041 0# - LANGUAGE CODE | |
| Language code of text/sound track or separate title | eng |
| 100 1# - MAIN ENTRY--PERSONAL NAME | |
| Personal name | Lane, Thomas |
| 245 00 - TITLE STATEMENT | |
| Title | Don't kid yourself |
| 260 ## - PUBLICATION, DISTRIBUTION, ETC. | |
| Date of publication, distribution, etc. | 2008 |
| 490 #0 - SERIES STATEMENT | |
| Series statement | Building |
| Volume/sequential designation | 273(8527) 2 May 2008, 59-60(2) |
| 520 ## - SUMMARY, ETC. | |
| Summary, etc. | Examines how building owners and occupiers feel about Energy Performance Certificates (EPC) and the energy performance of their stock. A "Building" survey aimed to discover if British Council for Offices (BCO) members planned to get their buildings certificated, how their buildings would perform, whether members thought there would be enough assessors, and the effect of energy certification on property values. Generally it appears that EPCs are working, with BCO members seeing certification as a key issue. However, the survey also showed that respondents were overly confident about the energy performance of their buildings, with 67% expecting to get a C or D rating, and only 27% expecting an E, F or G. |
| 590 ## - LOCAL NOTE (RLIN) | |
| Local note | KA |
| 650 24 - SUBJECT ADDED ENTRY--TOPICAL TERM | |
| Topical term or geographic name entry element | RESIDENTIAL ENERGY PERFORMANCE CERTIFICATES |
| 651 #4 - SUBJECT ADDED ENTRY--GEOGRAPHIC NAME | |
| Geographic name | England and Wales |
| Chronological subdivision | 1543- |
| 690 ## - LOCAL SUBJECT ADDED ENTRY--TOPICAL TERM (OCLC, RLIN) | |
| Topical term or geographic name as entry element | BUILT ENVIRONMENT-SUSTAINABLE CONSTRUCTION |
| 690 ## - LOCAL SUBJECT ADDED ENTRY--TOPICAL TERM (OCLC, RLIN) | |
| Topical term or geographic name as entry element | ENVIRONMENTAL AND LAND CONSULTANCY-ENERGY-ENERGY USE-ENERGY EFFICIENCY |
| 942 ## - ADDED ENTRY ELEMENTS (KOHA) | |
| Suppress in OPAC | 0 |
| Withdrawn status | Lost status | Source of classification or shelving scheme | Damaged status | Not for loan | Home library | Current library | Shelving location | Date acquired | Total Checkouts | Full call number | Barcode | Date last seen | Copy number | Price effective from | Koha item type |
|---|---|---|---|---|---|---|---|---|---|---|---|---|---|---|---|
| Dewey Decimal Classification | London | London | Journal article | 06/05/2008 | L143407 | 143407-1001 | 06/08/2019 | 1 | 06/08/2019 | Journal article |